An investigation to premature failure of Taxila Haripur road (Record no. 551205)
[ view plain ]
| 000 -LEADER | |
|---|---|
| fixed length control field | 00397nam a22001457a 4500 |
| 082 ## - DEWEY DECIMAL CLASSIFICATION NUMBER | |
| Classification number | P-277 |
| Author Mark | P-277 |
| 100 ## - MAIN ENTRY--PERSONAL NAME | |
| Personal name | Yasir Mehmood, Syndicate No 5 |
| 9 (RLIN) | 48192 |
| 245 ## - TITLE STATEMENT | |
| Title | An investigation to premature failure of Taxila Haripur road |
| Statement of responsibility, etc. | Yasir Mehmood, Ahmad Rasool |
| 260 ## - PUBLICATION, DISTRIBUTION, ETC. | |
| Date of publication, distribution, etc. | 2004 |
| 300 ## - PHYSICAL DESCRIPTION | |
| Extent | 76 P, : |
| 526 ## - STUDY PROGRAM INFORMATION NOTE | |
| Program name | 0 |
| Interest level | 0 |
| Reading level | 0 |
| Title point value | P_277_P277 |
| 650 ## - SUBJECT ADDED ENTRY--TOPICAL TERM | |
| Topical term or geographic name entry element | Project |
| 700 ## - ADDED ENTRY--PERSONAL NAME | |
| Personal name | Kamran |
| 942 ## - ADDED ENTRY ELEMENTS (KOHA) | |
| Source of classification or shelving scheme | |
| Koha item type | Book |
| Withdrawn status | Lost status | Source of classification or shelving scheme | Damaged status | Not for loan | Permanent Location | Current Location | Date acquired | Total Checkouts | Full call number | Barcode | Date last seen | Date last checked out | Price effective from | Koha item type | Public note |
|---|---|---|---|---|---|---|---|---|---|---|---|---|---|---|---|
| Military College of Engineering (MCE) | Military College of Engineering (MCE) | 12/04/2014 | 1 | P-277 P-277 | MCE-P-277 | 03/26/2015 | 03/26/2015 | 12/04/2014 | Book | Project |
